| 000 | 00669nam a2200193Ia 4500 | ||
|---|---|---|---|
| 001 | 10638 | ||
| 003 | GE_BSU | ||
| 008 | 181216s||||||||xx |||||||||||||| ||und|| | ||
| 040 | _cGE_BSU | ||
| 245 | _aდედამიწის ნახევარსფეროები. | ||
| 245 | _b(ფიზიკური რუკა) | ||
| 245 | _cრედ:ნოდარ ფეიქრიშვილი. | ||
| 260 | _aთბილისი | ||
| 260 | _bგეომედი | ||
| 260 | _c2011–2012. | ||
| 541 | _h10ლ. | ||
| 653 | _aდედამიწის ნახევარსფეროები.(ფიზიკური რუკა) | ||
| 942 | _cMP | ||
| 999 |
_c43889 _d43889 |
||